000 00497nam a22001697a 4500
005 20251108164918.0
008 250721s9999 xx 000 0 ara d
082 1 4 _a212/تيم
100 1 _aإبن تيميه، تقي الدين
245 1 0 _aمقدمة في أصول التفسير /
264 1 _aبيروت :
_bدار مكتبة الحياه،
_c[19-].
300 _a55ص
650 1 7 _aالقرآن الكريم
650 1 7 _aتفسير القرآن
942 _2ddc
_cBK
999 _c17288
_d17288